000 02970nam0a2200361 4500
001 RU\NLR\BIBL_A\011416172
005 20260407202042.0
010 _a9785778231344
_950
021 _aRU
_b2017-39815
_92902
035 _a(RuMoRGB)008899588
035 _a(NLR Aleph) 011416172
090 _a11585709
_c11585709
100 _a20170626d2016 km y0rusy50 ca
101 0 _arus
102 _aRU
105 _aa j 000zy
200 1 _aЭлектромагнитная совместимость устройств силовой электроники
_iСиловые электронные трансформаторы-2
_eучебно-методическое пособие для магистрантов I курса РЭФ, направление 11.04.04 "Электроника и наноэлектроника", направленность "Промышленная электроника и микропроцессорная техника"
_fМинистерство образования и науки Российской Федерации, Новосибирский государственный технический университет, [Факультет радиотехники и электроники
_gЗиновьев Г. С. и др.]
210 _aНовосибирск
_cИзд-во НГТУ
_d2016
215 _a113, [1] с.
_cил.
_d25
313 _aСиловые электронные трансформаторы характеризуются высокой динамикой,малыми массой и габаритами, регулируемым коэффициентом преобразования по напряжению, синусоидальными входными и выходными токами, возможностью кондиционировать качество преобразуемой энергии.
320 _aБиблиогр. в конце гл.
606 _aТрансформаторы
_jУчебно-методические пособия для высших учебных заведений
_9904913
_3RU\NLR\AUTH\669649
606 _aСиловые полупроводниковые приборы
_jУчебно-методические пособия для высших учебных заведений
_xЭлектромагнитная совместимость
_92159963
_3RU\NLR\auth\661299978
686 _aЗ261.8-017я73-14
_2rubbk
686 1 _aЗ264.54-017я73-1
686 1 _aЗ261.8я7
702 1 _4220
_7ca
_8rus
_aЗиновьев
_bГ. С.
_f1939-
_gГеннадий Степанович
_966554
_3RU\NLR\AUTH\7783626
712 0 2 _4570
_aНовосибирский государственный технический университет
_bФакультет радиотехники и электроники
_9762816
_3RU\NLR\AUTH\8810133294
942 _cBOOK
980 _aNBR